2023/24 French Football League Teams - Statistics

General Stats
  • This quiz has been taken 375 times
  • The average score is 25 of 38
Answer Stats
League Team % Correct
Ligue 1 Lyon
97%
Ligue 1 Marseille
97%
Ligue 1 PSG
95%
Ligue 1 Lille
92%
Ligue 1 Monaco
91%
Ligue 1 Nantes
89%
Ligue 2 Bordeaux
88%
Ligue 2 Saint-Étienne
88%
Ligue 1 Nice
86%
Ligue 1 Rennes
86%
Ligue 1 Lens
83%
Ligue 1 Toulouse
83%
Ligue 1 Brest
81%
Ligue 1 Montpellier
81%
Ligue 2 Paris FC
81%
Ligue 1 Strasbourg
80%
Ligue 1 Reims
74%
Ligue 1 Lorient
73%
Ligue 1 Le Havre
71%
Ligue 1 Metz
70%
Ligue 2 Ajaccio
69%
Ligue 1 Clermont Foot
65%
Ligue 2 Angers
64%
Ligue 2 Auxerre
63%
Ligue 2 Bastia
53%
Ligue 2 Caen
52%
Ligue 2 Amiens
50%
Ligue 2 Troyes
49%
Ligue 2 Guingamp
48%
Ligue 2 Grenoble Foot
47%
Ligue 2 Valenciennes
44%
Ligue 2 Quevilly-Rouen
43%
Ligue 2 Pau
37%
Ligue 2 Rodez
36%
Ligue 2 Dunkerque
35%
Ligue 2 Sochaux
35%
Ligue 2 Laval
34%
Ligue 2 Concarneau
25%
No matching quizzes found
Score Distribution
Percent of People with Each Score
Percentile by Number Answered
Your Score History
You have not taken this quiz